[Event "FIDE Online-ch U12 Girls 2020"]
[Site "Online"]
[Date "2020.12.19"]
[Round "1.6"]
[White "Mrittika Mallick"]
[Black "Mou, Iris"]
[Result "1/2-1/2"]
[WhiteElo "1690"]
[BlackElo "1828"]
[Annotator "NA"]
[PlyCount "152"]
[EventDate "2020.12.18"]
[EventType "k.o."]
[EventCountry "NET"]
[SourceTitle "playchess.com"]
[Source "ChessBase"]
[SourceQuality "1"]

1. e4 {[%emt 0:00:00]} e6 {[%emt 0:00:03]} 2. d4 {[%emt 0:00:05]} d5 {[%emt 0:00:06]} 3. Nd2 {[%emt 0:00:06]} c5 {[%emt 0:00:07]} 4. exd5 {[%emt 0:00:18]} exd5 {[%emt 0:00:09]} 5. Ngf3 {[%emt 0:00:09]} Nc6 {[%emt 0:00:41]} 6. c3 {[%emt 0:00:21]} Nf6 {[%emt 0:00:52]} 7. Bd3 {[%emt 0:00:18]} Be7 {[%emt 0:00:43]} 8. dxc5 {[%emt 0:00:25]} Bxc5 {[%emt 0:00:11]} 9. O-O {[%emt 0:00:03]} O-O {[%emt 0:00:03]} 10. Nb3 {[%emt 0:00:08]} Bd6 {[%emt 0:00:09]} 11. Bg5 {[%emt 0:00:16]} Bg4 {[%emt 0:00:21]} 12. Bc2 {[%emt 0:01:40]} Ne5 {[%emt 0:00:59]} 13. Nbd4 {[%emt 0:00:12]} Bc7 {[%emt 0:02:57]} 14. h3 {[%emt 0:01:10]} Bh5 {[%emt 0:00:30]} 15. g4 {[%emt 0:00:39]} Bg6 {[%emt 0:00:47]} 16. Nxe5 {[%emt 0:02:29]} Bxe5 {[%emt 0:00:14]} 17. Nf5 {[%emt 0:00:16]} h6 {[%emt 0:01:39]} 18. Be3 {[%emt 0:01:22]} Rc8 {[%emt 0:01:19]} 19. Qd2 {[%emt 0:01:18]} Ne4 {[%emt 0:01:56]} 20. Bxe4 {[%emt 0:01:01]} dxe4 {[%emt 0:00:04]} 21. Qxd8 {[%emt 0:00:03]} Rcxd8 {[%emt 0:00:02]} 22. Ne7+ {[%emt 0:00:04]} Kh7 {[%emt 0:00:06]} 23. Bxa7 {[%emt 0:00:06]} Rd2 {[%emt 0:00:18]} 24. Rab1 {[%emt 0:00:06]} h5 {[%emt 0:01:16]} 25. Be3 {[%emt 0:00:19]} Rd7 {[%emt 0:00:17]} 26. Nxg6 {[%emt 0:00:04]} Kxg6 {[%emt 0:00:06]} 27. Rfd1 {[%emt 0:00:10]} Rfd8 {[%emt 0:00:09]} 28. Rxd7 {[%emt 0:00:09]} Rxd7 {[%emt 0:00:02]} 29. Kf1 {[%emt 0:00:07]} h4 {[%emt 0:00:34]} 30. Ke2 {[%emt 0:00:05]} Kf6 {[%emt 0:01:09]} 31. Rd1 {[%emt 0:00:25]} Rc7 {[%emt 0:00:34]} 32. Rd5 {[%emt 0:00:15]} Ke6 {[%emt 0:00:05]} 33. Rb5 {[%emt 0:00:06]} f6 {[%emt 0:00:20]} 34. a4 {[%emt 0:00:07]} g6 {[%emt 0:00:21]} 35. Rb6+ {[%emt 0:00:31]} Kd5 {[%emt 0:00:12]} 36. Rb5+ {[%emt 0:00:06]} Kc4 {[%emt 0:00:42]} 37. Rb4+ {[%emt 0:00:05]} Kd5 {[%emt 0:00:03]} 38. a5 {[%emt 0:00:06]} f5 {[%emt 0:00:06]} 39. Rb5+ {[%emt 0:00:22]} Ke6 {[%emt 0:00:05]} 40. gxf5+ {[%emt 0:00:04]} gxf5 {[%emt 0:00:03]} 41. Bg5 {[%emt 0:00:44]} Rh7 {[%emt 0:00:11]} 42. c4 {[%emt 0:00:10]} f4 {[%emt 0:00:11]} 43. b3 {[%emt 0:02:15]} Kf5 {[%emt 0:00:16]} 44. Bd8 {[%emt 0:00:20]} Rd7 {[%emt 0:00:37]} 45. Rd5 {[%emt 0:00:06]} Rxd5 {[%emt 0:00:16]} 46. cxd5 {[%emt 0:00:03]} Bc3 {[%emt 0:00:13]} 47. Bc7 {[%emt 0:00:25]} Bb4 {[%emt 0:00:12]} 48. d6 {[%emt 0:01:03]} Ke6 {[%emt 0:00:12]} 49. d7 {[%emt 0:00:03]} Kxd7 {[%emt 0:00:02]} 50. Bxf4 {[%emt 0:00:03]} Bxa5 {[%emt 0:00:08]} 51. Bg5 {[%emt 0:00:15]} Ke6 {[%emt 0:00:05]} 52. Bxh4 {[%emt 0:00:06]} Kf5 {[%emt 0:00:03]} 53. Bg3 {[%emt 0:00:17]} Bb6 {[%emt 0:00:35]} 54. b4 {[%emt 0:00:18]} Bd4 {[%emt 0:00:10]} 55. Bd6 {[%emt 0:00:06]} Kg5 {[%emt 0:00:18]} 56. Bc5 {[%emt 0:00:17]} Bc3 {[%emt 0:00:13]} 57. Ke3 {[%emt 0:00:16]} Kf5 {[%emt 0:00:02]} 58. b5 {[%emt 0:00:13]} Bb2 {[%emt 0:00:12]} 59. h4 {[%emt 0:00:17]} Ke5 {[%emt 0:00:16]} 60. Bb4 {[%emt 0:00:32]} Bd4+ {[%emt 0:00:04]} 61. Ke2 {[%emt 0:00:03]} Bb6 {[%emt 0:00:05]} 62. Bd2 {[%emt 0:00:12]} Kf5 {[%emt 0:00:09]} 63. Be3 {[%emt 0:00:06]} Bc7 {[%emt 0:00:03]} 64. h5 {[%emt 0:00:02]} Be5 {[%emt 0:00:11]} 65. Kd2 {[%emt 0:00:05]} Ke6 {[%emt 0:00:28]} 66. b6 {[%emt 0:00:03]} Kd5 {[%emt 0:00:06]} 67. h6 {[%emt 0:00:04]} Kc6 {[%emt 0:00:13]} 68. Ke2 {[%emt 0:00:33]} Kd5 {[%emt 0:00:12]} 69. Bg5 {[%emt 0:00:01]} Bd4 {[%emt 0:00:06]} 70. Be3 {[%emt 0:00:26]} Be5 {[%emt 0:00:05]} 71. Kf1 {[%emt 0:00:01]} Ke6 {[%emt 0:00:05]} 72. Kg2 {[%emt 0:00:06]} Kf5 {[%emt 0:00:03]} 73. Kh3 {[%emt 0:00:02]} Bf6 {[%emt 0:00:05]} 74. Kg2 {[%emt 0:00:10]} Be5 {[%emt 0:00:27]} 75. Kf1 {[%emt 0:00:02]} Ke6 {[%emt 0:00:08]} 76. Ke2 {[%emt 0:00:02]} Kd5 {[%emt 0:00:04]} 1/2-1/2

[Event "FIDE Online-ch U12 Girls 2020"]
[Site "Online"]
[Date "2020.12.19"]
[Round "1.7"]
[White "Kirtadze, Anastasia"]
[Black "Maria, Lia-Alexandra"]
[Result "1-0"]
[WhiteElo "1810"]
[BlackElo "1713"]
[Annotator "NA"]
[PlyCount "107"]
[EventDate "2020.12.18"]
[EventType "k.o."]
[EventCountry "NET"]
[SourceTitle "playchess.com"]
[Source "ChessBase"]
[SourceQuality "1"]

1. e4 {[%emt 0:00:00]} c5 {[%emt 0:00:06]} 2. Ne2 {[%emt 0:00:07]} d6 {[%emt 0:00:05]} 3. g3 {[%emt 0:00:08]} Nf6 {[%emt 0:00:07]} 4. Bg2 {[%emt 0:00:02]} Nbd7 {[%emt 0:00:02]} 5. O-O {[%emt 0:00:05]} g6 {[%emt 0:00:03]} 6. c3 {[%emt 0:00:16]} Bg7 {[%emt 0:00:03]} 7. d4 {[%emt 0:00:11]} cxd4 {[%emt 0:00:03]} 8. cxd4 {[%emt 0:00:04]} O-O {[%emt 0:00:03]} 9. Nbc3 {[%emt 0:00:04]} a6 {[%emt 0:00:21]} 10. a4 {[%emt 0:00:12]} Qc7 {[%emt 0:00:17]} 11. Be3 {[%emt 0:00:25]} Nb6 {[%emt 0:00:21]} 12. Rc1 {[%emt 0:00:40]} Qd8 {[%emt 0:00:16]} 13. Qb3 {[%emt 0:00:34]} Ng4 {[%emt 0:02:02]} 14. Bg5 {[%emt 0:00:33]} Re8 {[%emt 0:01:00]} 15. h3 {[%emt 0:00:39]} Nf6 {[%emt 0:00:41]} 16. Rfd1 {[%emt 0:01:33]} h6 {[%emt 0:01:54]} 17. Be3 {[%emt 0:00:13]} Nbd7 {[%emt 0:00:26]} 18. e5 {[%emt 0:00:43]} Nh7 {[%emt 0:00:58]} 19. e6 {[%emt 0:00:47]} fxe6 {[%emt 0:00:04]} 20. Qxe6+ {[%emt 0:00:05]} Kh8 {[%emt 0:00:02]} 21. Nf4 {[%emt 0:00:33]} Ndf8 {[%emt 0:00:15]} 22. Nxg6+ {[%emt 0:00:14]} Nxg6 {[%emt 0:00:02]} 23. Qxg6 {[%emt 0:00:02]} Rg8 {[%emt 0:00:49]} 24. Be4 {[%emt 0:01:02]} Nf6 {[%emt 0:01:37]} 25. Bg2 {[%emt 0:00:43]} Bf8 {[%emt 0:00:56]} 26. Qd3 {[%emt 0:00:12]} Qe8 {[%emt 0:00:53]} 27. Nd5 {[%emt 0:00:39]} Qf7 {[%emt 0:00:29]} 28. Nf4 {[%emt 0:00:25]} Rb8 {[%emt 0:01:12]} 29. Rc7 {[%emt 0:00:48]} Be6 {[%emt 0:01:11]} 30. Nxe6 {[%emt 0:00:57]} Qxe6 {[%emt 0:00:02]} 31. Rxb7 {[%emt 0:00:46]} Rxb7 {[%emt 0:00:22]} 32. Bxb7 {[%emt 0:00:04]} Qxh3 {[%emt 0:00:04]} 33. Bg2 {[%emt 0:00:04]} Qg4 {[%emt 0:00:18]} 34. d5 {[%emt 0:00:26]} Qxa4 {[%emt 0:00:39]} 35. Bd4 {[%emt 0:00:07]} Qd7 {[%emt 0:00:39]} 36. Re1 {[%emt 0:00:13]} Bg7 {[%emt 0:00:14]} 37. Qxa6 {[%emt 0:00:05]} Qg4 {[%emt 0:00:19]} 38. Qd3 {[%emt 0:00:24]} Re8 {[%emt 0:00:38]} 39. Re6 {[%emt 0:00:23]} Rc8 {[%emt 0:00:29]} 40. Re1 {[%emt 0:00:14]} Re8 {[%emt 0:00:02]} 41. b4 {[%emt 0:00:05]} Kg8 {[%emt 0:00:09]} 42. b5 {[%emt 0:00:10]} Rb8 {[%emt 0:00:20]} 43. Rxe7 {[%emt 0:00:22]} Kf8 {[%emt 0:00:11]} 44. Re6 {[%emt 0:00:06]} Kf7 {[%emt 0:00:28]} 45. Bxf6 {[%emt 0:00:32]} Bxf6 {[%emt 0:00:11]} 46. Bf3 {[%emt 0:00:09]} Qg5 {[%emt 0:00:11]} 47. Qc4 {[%emt 0:00:26]} Ra8 {[%emt 0:00:17]} 48. Qc7+ {[%emt 0:00:17]} Kg6 {[%emt 0:00:04]} 49. Be4+ {[%emt 0:00:08]} Kh5 {[%emt 0:00:08]} 50. Qf7+ {[%emt 0:00:08]} Kg4 {[%emt 0:00:03]} 51. Rxf6 {[%emt 0:00:20]} Ra1+ {[%emt 0:00:26]} 52. Kg2 {[%emt 0:00:04]} Qe5 {[%emt 0:00:05]} 53. f3+ {[%emt 0:00:06]} Kg5 {[%emt 0:00:06]} 54. Qg6# {[%emt 0:00:05]} 1-0

[Event "FIDE Online-ch U12 Girls 2020"]
[Site "Online"]
[Date "2020.12.19"]
[Round "1.8"]
[White "Anupam M Sreekumar"]
[Black "Edithso, Samantha"]
[Result "1/2-1/2"]
[WhiteElo "1798"]
[BlackElo "1792"]
[Annotator "NA"]
[PlyCount "197"]
[EventDate "2020.12.18"]
[EventType "k.o."]
[EventCountry "NET"]
[SourceTitle "playchess.com"]
[Source "ChessBase"]
[SourceQuality "1"]

1. e4 {[%emt 0:00:00]} c5 {[%emt 0:00:05]} 2. Nf3 {[%emt 0:00:07]} d6 {[%emt 0:00:03]} 3. Bb5+ {[%emt 0:00:02]} Bd7 {[%emt 0:00:03]} 4. Bxd7+ {[%emt 0:00:03]} Qxd7 {[%emt 0:00:02]} 5. c4 {[%emt 0:00:05]} Nc6 {[%emt 0:00:02]} 6. d4 {[%emt 0:00:12]} cxd4 {[%emt 0:00:03]} 7. Nxd4 {[%emt 0:00:02]} Nf6 {[%emt 0:00:04]} 8. Nc3 {[%emt 0:00:02]} g6 {[%emt 0:00:05]} 9. h3 {[%emt 0:00:07]} Bg7 {[%emt 0:00:02]} 10. Be3 {[%emt 0:00:03]} O-O {[%emt 0:00:07]} 11. O-O {[%emt 0:00:02]} Rac8 {[%emt 0:00:11]} 12. b3 {[%emt 0:00:15]} a6 {[%emt 0:00:36]} 13. Rc1 {[%emt 0:00:12]} Nd8 {[%emt 0:01:12]} 14. Qf3 {[%emt 0:01:09]} e5 {[%emt 0:00:55]} 15. Nde2 {[%emt 0:00:43]} Ne6 {[%emt 0:00:05]} 16. Na4 {[%emt 0:01:15]} Rc6 {[%emt 0:01:18]} 17. Nb6 {[%emt 0:01:59]} Qd8 {[%emt 0:01:59]} 18. Nd5 {[%emt 0:00:12]} Ne8 {[%emt 0:00:03]} 19. Ng3 {[%emt 0:02:33]} Kh8 {[%emt 0:00:33]} 20. Qg4 {[%emt 0:00:42]} h5 {[%emt 0:01:01]} 21. Qf3 {[%emt 0:00:34]} Qh4 {[%emt 0:00:08]} 22. Rfe1 {[%emt 0:01:40]} Nf6 {[%emt 0:03:18]} 23. Nxf6 {[%emt 0:01:14]} Bxf6 {[%emt 0:00:12]} 24. Ne2 {[%emt 0:00:48]} Bg7 {[%emt 0:01:23]} 25. Nc3 {[%emt 0:00:09]} Rcc8 {[%emt 0:00:31]} 26. Qg3 {[%emt 0:00:13]} Qd8 {[%emt 0:01:02]} 27. Nd5 {[%emt 0:00:16]} Qe8 {[%emt 0:00:03]} 28. Bg5 {[%emt 0:00:47]} f6 {[%emt 0:00:23]} 29. Bd2 {[%emt 0:00:17]} Qf7 {[%emt 0:00:34]} 30. Qh4 {[%emt 0:00:33]} Kg8 {[%emt 0:00:27]} 31. Qg3 {[%emt 0:01:29]} Rce8 {[%emt 0:00:11]} 32. f4 {[%emt 0:00:15]} f5 {[%emt 0:00:32]} 33. exf5 {[%emt 0:00:43]} Qxf5 {[%emt 0:00:50]} 34. fxe5 {[%emt 0:00:22]} Bxe5 {[%emt 0:00:12]} 35. Qh4 {[%emt 0:00:11]} Qd3 {[%emt 0:01:46]} 36. Be3 {[%emt 0:01:00]} Ng7 {[%emt 0:00:15]} 37. Rcd1 {[%emt 0:00:13]} Qc2 {[%emt 0:00:15]} 38. Rd2 {[%emt 0:00:17]} Qf5 {[%emt 0:00:14]} 39. Ne7+ {[%emt 0:00:20]} Rxe7 {[%emt 0:00:02]} 40. Qxe7 {[%emt 0:00:01]} Rf7 {[%emt 0:00:02]} 41. Qd8+ {[%emt 0:00:02]} Rf8 {[%emt 0:00:02]} 42. Qh4 {[%emt 0:00:07]} Bc3 {[%emt 0:00:08]} 43. Rde2 {[%emt 0:00:32]} Bxe1 {[%emt 0:00:02]} 44. Qxe1 {[%emt 0:00:03]} Qf7 {[%emt 0:00:06]} 45. Rf2 {[%emt 0:00:03]} Qe6 {[%emt 0:00:06]} 46. Rxf8+ {[%emt 0:00:03]} Kxf8 {[%emt 0:00:01]} 47. Qd2 {[%emt 0:00:15]} Nf5 {[%emt 0:00:02]} 48. Bf4 {[%emt 0:00:04]} Ke7 {[%emt 0:00:09]} 49. g4 {[%emt 0:00:21]} hxg4 {[%emt 0:00:02]} 50. hxg4 {[%emt 0:00:01]} Ng7 {[%emt 0:00:22]} 51. Kf2 {[%emt 0:00:20]} Ne8 {[%emt 0:00:04]} 52. Kf3 {[%emt 0:00:22]} Nf6 {[%emt 0:00:12]} 53. Qe3 {[%emt 0:00:07]} Qxe3+ {[%emt 0:00:12]} 54. Bxe3 {[%emt 0:00:03]} Ke6 {[%emt 0:00:04]} 55. Bd4 {[%emt 0:00:13]} Nh7 {[%emt 0:00:08]} 56. Kf4 {[%emt 0:00:07]} g5+ {[%emt 0:00:45]} 57. Ke4 {[%emt 0:00:04]} Nf8 {[%emt 0:00:05]} 58. Be3 {[%emt 0:00:09]} Nd7 {[%emt 0:00:16]} 59. Bxg5 {[%emt 0:00:10]} Ne5 {[%emt 0:00:01]} 60. Kf4 {[%emt 0:00:26]} Nd3+ {[%emt 0:00:15]} 61. Kf3 {[%emt 0:00:08]} Nb4 {[%emt 0:00:08]} 62. a4 {[%emt 0:00:13]} Nc6 {[%emt 0:00:08]} 63. Be3 {[%emt 0:00:03]} Ne5+ {[%emt 0:00:02]} 64. Kg3 {[%emt 0:00:07]} Nd3 {[%emt 0:00:12]} 65. g5 {[%emt 0:00:14]} Kf5 {[%emt 0:00:04]} 66. Kh4 {[%emt 0:00:07]} Ne5 {[%emt 0:00:05]} 67. Kh5 {[%emt 0:00:08]} Ng6 {[%emt 0:00:12]} 68. Kh6 {[%emt 0:00:14]} Ne5 {[%emt 0:00:05]} 69. Bd4 {[%emt 0:00:07]} Nf7+ {[%emt 0:00:02]} 70. Kg7 {[%emt 0:00:08]} Nxg5 {[%emt 0:00:02]} 71. Bb6 {[%emt 0:00:12]} Ke6 {[%emt 0:00:03]} 72. Kg6 {[%emt 0:00:06]} Ne4 {[%emt 0:00:02]} 73. Be3 {[%emt 0:00:03]} Nc3 {[%emt 0:00:09]} 74. Kg5 {[%emt 0:00:19]} d5 {[%emt 0:00:11]} 75. cxd5+ {[%emt 0:00:04]} Kxd5 {[%emt 0:00:03]} 76. Kf5 {[%emt 0:00:05]} Nd1 {[%emt 0:00:10]} 77. Bd2 {[%emt 0:00:10]} Nb2 {[%emt 0:00:10]} 78. Bc3 {[%emt 0:00:18]} Nd3 {[%emt 0:00:04]} 79. Bd2 {[%emt 0:00:19]} Nc5 {[%emt 0:00:03]} 80. b4 {[%emt 0:00:14]} Nxa4 {[%emt 0:00:02]} 81. Kf4 {[%emt 0:00:10]} Kc4 {[%emt 0:00:03]} 82. Ke4 {[%emt 0:00:03]} Nc3+ {[%emt 0:00:02]} 83. Ke5 {[%emt 0:00:11]} Nd5 {[%emt 0:00:05]} 84. Kd6 {[%emt 0:00:14]} Nxb4 {[%emt 0:00:02]} 85. Kc7 {[%emt 0:00:01]} b5 {[%emt 0:00:02]} 86. Kb6 {[%emt 0:00:02]} Kb3 {[%emt 0:00:12]} 87. Ka5 {[%emt 0:00:04]} Nd5 {[%emt 0:00:25]} 88. Kxa6 {[%emt 0:00:03]} Ka4 {[%emt 0:00:01]} 89. Kb7 {[%emt 0:00:17]} Nb4 {[%emt 0:00:18]} 90. Kb6 {[%emt 0:00:05]} Nd3 {[%emt 0:00:05]} 91. Kc6 {[%emt 0:00:06]} Nb2 {[%emt 0:00:09]} 92. Kc5 {[%emt 0:00:05]} Nc4 {[%emt 0:00:03]} 93. Be1 {[%emt 0:00:06]} Ne5 {[%emt 0:00:02]} 94. Bc3 {[%emt 0:00:10]} Nd3+ {[%emt 0:00:02]} 95. Kd4 {[%emt 0:00:03]} Nc1 {[%emt 0:00:04]} 96. Kd5 {[%emt 0:00:29]} Ne2 {[%emt 0:00:31]} 97. Bd2 {[%emt 0:00:04]} Kb3 {[%emt 0:00:06]} 98. Kc5 {[%emt 0:00:07]} Ka4 {[%emt 0:00:04]} 99. Kd5 {[%emt 0:00:06]} 1/2-1/2

[Event "FIDE Online-ch U12 Girls 2020"]
[Site "Online"]
[Date "2020.12.19"]
[Round "2.1"]
[White "Kleymenova, Valeria"]
[Black "Anupam M Sreekumar"]
[Result "1/2-1/2"]
[WhiteElo "2018"]
[BlackElo "1798"]
[Annotator "NA"]
[PlyCount "179"]
[EventDate "2020.12.18"]
[EventType "k.o."]
[EventCountry "NET"]
[SourceTitle "playchess.com"]
[Source "ChessBase"]
[SourceQuality "1"]

1. d4 {[%emt 0:00:00]} d5 {[%emt 0:00:04]} 2. c4 {[%emt 0:00:06]} e6 {[%emt 0:00:03]} 3. Nf3 {[%emt 0:00:03]} Nf6 {[%emt 0:00:03]} 4. g3 {[%emt 0:00:08]} Be7 {[%emt 0:00:13]} 5. Bg2 {[%emt 0:00:02]} O-O {[%emt 0:00:10]} 6. Qc2 {[%emt 0:00:15]} c6 {[%emt 0:00:58]} 7. Nbd2 {[%emt 0:00:18]} Nbd7 {[%emt 0:00:34]} 8. O-O {[%emt 0:00:07]} Re8 {[%emt 0:00:12]} 9. Rd1 {[%emt 0:00:04]} Nb6 {[%emt 0:01:01]} 10. b3 {[%emt 0:00:34]} Nbd7 {[%emt 0:01:08]} 11. Bb2 {[%emt 0:00:08]} Nf8 {[%emt 0:00:06]} 12. h4 {[%emt 0:00:32]} b5 {[%emt 0:01:18]} 13. Ne5 {[%emt 0:00:44]} Bb7 {[%emt 0:00:14]} 14. e4 {[%emt 0:00:49]} Rc8 {[%emt 0:01:28]} 15. exd5 {[%emt 0:00:59]} exd5 {[%emt 0:00:28]} 16. Bh3 {[%emt 0:00:42]} Rc7 {[%emt 0:00:44]} 17. Ndf3 {[%emt 0:02:37]} bxc4 {[%emt 0:00:49]} 18. bxc4 {[%emt 0:00:21]} dxc4 {[%emt 0:00:07]} 19. Ng5 {[%emt 0:01:43]} Bd6 {[%emt 0:01:00]} 20. Qxc4 {[%emt 0:00:58]} Nd5 {[%emt 0:00:41]} 21. Ne4 {[%emt 0:00:51]} Ne6 {[%emt 0:00:47]} 22. a4 {[%emt 0:01:36]} h6 {[%emt 0:00:42]} 23. Nxd6 {[%emt 0:00:17]} Qxd6 {[%emt 0:00:09]} 24. Ba3 {[%emt 0:00:03]} Qd8 {[%emt 0:00:25]} 25. Bg2 {[%emt 0:00:22]} Rc8 {[%emt 0:00:49]} 26. Rab1 {[%emt 0:00:13]} Nb6 {[%emt 0:00:36]} 27. Qb4 {[%emt 0:00:16]} Ba8 {[%emt 0:00:30]} 28. Rbc1 {[%emt 0:00:29]} Nd5 {[%emt 0:00:53]} 29. Qb3 {[%emt 0:00:34]} Nxd4 {[%emt 0:00:42]} 30. Rxd4 {[%emt 0:00:09]} Rxe5 {[%emt 0:00:03]} 31. Bc5 {[%emt 0:00:34]} a6 {[%emt 0:00:41]} 32. Qc4 {[%emt 0:00:07]} Qa5 {[%emt 0:00:39]} 33. Bd6 {[%emt 0:00:44]} Re1+ {[%emt 0:00:06]} 34. Rxe1 {[%emt 0:00:19]} Qxe1+ {[%emt 0:00:03]} 35. Kh2 {[%emt 0:00:03]} Re8 {[%emt 0:00:43]} 36. Re4 {[%emt 0:01:18]} Rxe4 {[%emt 0:00:15]} 37. Qxe4 {[%emt 0:00:05]} Qxe4 {[%emt 0:00:09]} 38. Bxe4 {[%emt 0:00:02]} Bb7 {[%emt 0:00:26]} 39. a5 {[%emt 0:00:12]} Nc3 {[%emt 0:00:19]} 40. Bd3 {[%emt 0:00:13]} Nb5 {[%emt 0:00:08]} 41. Bc5 {[%emt 0:00:02]} Nc7 {[%emt 0:00:14]} 42. Be4 {[%emt 0:00:21]} Ne6 {[%emt 0:00:06]} 43. Bd6 {[%emt 0:00:08]} f6 {[%emt 0:00:25]} 44. Kg2 {[%emt 0:00:15]} Kf7 {[%emt 0:00:02]} 45. Kf3 {[%emt 0:00:23]} g6 {[%emt 0:00:31]} 46. g4 {[%emt 0:00:11]} Nd4+ {[%emt 0:00:36]} 47. Ke3 {[%emt 0:00:03]} Ne6 {[%emt 0:00:03]} 48. Kd3 {[%emt 0:00:07]} g5 {[%emt 0:00:16]} 49. h5 {[%emt 0:00:13]} Nd8 {[%emt 0:00:14]} 50. Kc4 {[%emt 0:00:14]} Ne6 {[%emt 0:00:02]} 51. Bg6+ {[%emt 0:00:35]} Kg7 {[%emt 0:00:05]} 52. Be4 {[%emt 0:00:05]} Kf7 {[%emt 0:00:03]} 53. Bf5 {[%emt 0:00:06]} Ng7 {[%emt 0:00:24]} 54. Bd7 {[%emt 0:00:08]} Ne6 {[%emt 0:00:09]} 55. Bxe6+ {[%emt 0:00:16]} Kxe6 {[%emt 0:00:02]} 56. Bf8 {[%emt 0:00:36]} f5 {[%emt 0:00:03]} 57. Bxh6 {[%emt 0:00:20]} fxg4 {[%emt 0:00:02]} 58. Bxg5 {[%emt 0:00:01]} Kf5 {[%emt 0:00:08]} 59. h6 {[%emt 0:00:05]} Kg6 {[%emt 0:00:11]} 60. Kc5 {[%emt 0:00:12]} Bc8 {[%emt 0:00:03]} 61. Bf4 {[%emt 0:00:26]} Bf5 {[%emt 0:00:10]} 62. Kxc6 {[%emt 0:00:05]} Bd3 {[%emt 0:00:03]} 63. Kd5 {[%emt 0:00:06]} Kf6 {[%emt 0:00:17]} 64. Kd4 {[%emt 0:00:13]} Bb1 {[%emt 0:00:05]} 65. Ke3 {[%emt 0:00:12]} Bg6 {[%emt 0:00:10]} 66. Bd6 {[%emt 0:00:21]} Kf5 {[%emt 0:00:13]} 67. Kd4 {[%emt 0:00:09]} Kg5 {[%emt 0:00:06]} 68. Bf8 {[%emt 0:00:11]} Bb1 {[%emt 0:00:22]} 69. Ke5 {[%emt 0:00:08]} Bh7 {[%emt 0:00:05]} 70. Bg7 {[%emt 0:00:16]} Bd3 {[%emt 0:00:13]} 71. Ke6 {[%emt 0:00:16]} Kg6 {[%emt 0:00:04]} 72. Bf8 {[%emt 0:00:10]} Bc2 {[%emt 0:00:21]} 73. Ke5 {[%emt 0:00:07]} Kg5 {[%emt 0:00:07]} 74. Kd4 {[%emt 0:00:07]} Kg6 {[%emt 0:00:09]} 75. Kc3 {[%emt 0:00:07]} Bf5 {[%emt 0:00:02]} 76. Kd4 {[%emt 0:00:04]} Bc2 {[%emt 0:00:03]} 77. Ke5 {[%emt 0:00:02]} Kg5 {[%emt 0:00:05]} 78. Bg7 {[%emt 0:00:03]} Bb1 {[%emt 0:00:07]} 79. Ke6 {[%emt 0:00:11]} Kg6 {[%emt 0:00:05]} 80. Ke7 {[%emt 0:00:02]} Bd3 {[%emt 0:00:09]} 81. Bf8 {[%emt 0:00:14]} Bc2 {[%emt 0:00:06]} 82. Ke6 {[%emt 0:00:08]} Bb3+ {[%emt 0:00:07]} 83. Ke5 {[%emt 0:00:04]} Bc2 {[%emt 0:00:07]} 84. Kf4 {[%emt 0:00:06]} Bd1 {[%emt 0:00:01]} 85. Kg3 {[%emt 0:00:07]} Be2 {[%emt 0:00:04]} 86. Kf4 {[%emt 0:00:05]} Bd1 {[%emt 0:00:03]} 87. Ke5 {[%emt 0:00:05]} Bc2 {[%emt 0:00:04]} 88. Bg7 {[%emt 0:00:05]} Kg5 {[%emt 0:00:06]} 89. Ke6 {[%emt 0:00:04]} Kg6 {[%emt 0:00:02]} 90. Ke7 {[%emt 0:00:05]} 1/2-1/2

[Event "FIDE Online-ch U12 Girls 2020"]
[Site "Online"]
[Date "2020.12.19"]
[Round "2.1"]
[White "Lee, Alice"]
[Black "Mou, Iris"]
[Result "1-0"]
[WhiteElo "1967"]
[BlackElo "1828"]
[Annotator "NA"]
[PlyCount "95"]
[EventDate "2020.12.18"]
[EventType "k.o."]
[EventCountry "NET"]
[SourceTitle "playchess.com"]
[Source "ChessBase"]
[SourceQuality "1"]

1. d4 {[%emt 0:00:00]} d5 {[%emt 0:00:04]} 2. c4 {[%emt 0:00:02]} dxc4 {[%emt 0:00:03]} 3. Nf3 {[%emt 0:00:02]} Nf6 {[%emt 0:00:12]} 4. e3 {[%emt 0:00:03]} b5 {[%emt 0:00:10]} 5. a4 {[%emt 0:00:02]} b4 {[%emt 0:00:04]} 6. Bxc4 {[%emt 0:00:02]} e6 {[%emt 0:00:10]} 7. O-O {[%emt 0:00:03]} Be7 {[%emt 0:00:10]} 8. Nbd2 {[%emt 0:00:02]} Bb7 {[%emt 0:00:20]} 9. b3 {[%emt 0:00:34]} O-O {[%emt 0:00:16]} 10. Bb2 {[%emt 0:00:26]} c5 {[%emt 0:00:44]} 11. Qe2 {[%emt 0:00:48]} Nbd7 {[%emt 0:00:39]} 12. Rfd1 {[%emt 0:00:57]} Qa5 {[%emt 0:01:53]} 13. Rac1 {[%emt 0:01:42]} Rfd8 {[%emt 0:00:39]} 14. Nf1 {[%emt 0:01:30]} Ne4 {[%emt 0:01:48]} 15. Ng3 {[%emt 0:01:31]} Ndf6 {[%emt 0:01:40]} 16. Nd2 {[%emt 0:01:08]} Nxg3 {[%emt 0:00:57]} 17. hxg3 {[%emt 0:00:03]} cxd4 {[%emt 0:00:52]} 18. Bxd4 {[%emt 0:00:05]} e5 {[%emt 0:01:08]} 19. Bb2 {[%emt 0:00:15]} e4 {[%emt 0:00:16]} 20. Bb5 {[%emt 0:00:32]} a6 {[%emt 0:01:19]} 21. Bc4 {[%emt 0:01:31]} Qf5 {[%emt 0:00:38]} 22. Bxf6 {[%emt 0:00:59]} Bxf6 {[%emt 0:00:12]} 23. Nf1 {[%emt 0:00:10]} a5 {[%emt 0:01:12]} 24. Bxf7+ {[%emt 0:01:01]} Kxf7 {[%emt 0:01:20]} 25. Rc7+ {[%emt 0:00:04]} Kg8 {[%emt 0:00:09]} 26. Rxb7 {[%emt 0:00:35]} Rxd1 {[%emt 0:01:05]} 27. Qxd1 {[%emt 0:00:03]} Rd8 {[%emt 0:00:07]} 28. Qc2 {[%emt 0:00:52]} Rc8 {[%emt 0:00:15]} 29. Qe2 {[%emt 0:00:14]} Qd5 {[%emt 0:00:30]} 30. Qb5 {[%emt 0:00:39]} Qxb3 {[%emt 0:00:21]} 31. Qxa5 {[%emt 0:00:22]} Bc3 {[%emt 0:00:14]} 32. Qb5 {[%emt 0:00:28]} Qe6 {[%emt 0:00:36]} 33. a5 {[%emt 0:00:13]} h6 {[%emt 0:00:04]} 34. a6 {[%emt 0:00:11]} Rf8 {[%emt 0:00:14]} 35. Rb8 {[%emt 0:00:20]} Qa2 {[%emt 0:00:14]} 36. Rxf8+ {[%emt 0:00:18]} Kxf8 {[%emt 0:00:03]} 37. Qb8+ {[%emt 0:00:02]} Kf7 {[%emt 0:00:06]} 38. a7 {[%emt 0:00:19]} Be1 {[%emt 0:00:08]} 39. a8=Q {[%emt 0:00:22]} Qxf2+ {[%emt 0:00:06]} 40. Kh2 {[%emt 0:00:03]} Qxf1 {[%emt 0:00:06]} 41. Qf4+ {[%emt 0:00:03]} Qxf4 {[%emt 0:00:04]} 42. gxf4 {[%emt 0:00:03]} b3 {[%emt 0:00:04]} 43. Qd5+ {[%emt 0:00:01]} Kf6 {[%emt 0:00:03]} 44. Qxb3 {[%emt 0:00:02]} Kf5 {[%emt 0:00:10]} 45. Qd5+ {[%emt 0:00:03]} Kg4 {[%emt 0:00:02]} 46. Qxe4 {[%emt 0:00:01]} Bc3 {[%emt 0:00:08]} 47. Qg6+ {[%emt 0:00:03]} Kh4 {[%emt 0:00:03]} 48. g3# {[%emt 0:00:01]} 1-0